| 000 | 00354nam a2200121Ia 4500 | ||
|---|---|---|---|
| 005 | 20251222152033.0 | ||
| 008 | 251222s9999||||xx |||||||||||||| ||spa|| | ||
| 020 | _a978-607-7699-05-7 | ||
| 082 | _a631.8/S17 | ||
| 100 | _a"Salgado García, Sergio Nuñez Escobar, Roberto, coors." | ||
| 245 | 0 | _aManejo de fertilizantes químicos y orgánicos | |
| 942 | _cLIB | ||
| 999 |
_c25746 _d25746 |
||